000 00291 a2200133 4500
001 153850
040 _cEscola São Tomás de Aquino
100 _aLIMA, Mirna
240 1 0 _aPorta aberta
_lpor
245 1 0 _aPorta aberta
440 1 _aFTD
697 _a*LITERATURA INFANTIL
942 _cBK
999 _c153850
_d153850